Brainrot Evolution Characters - Statistics

General Stats
  • This quiz has been taken 24 times
  • The average score is 14 of 104
Answer Stats
Answer % Correct
Tralalero Tralala
73%
Brr Brr Patapim
53%
Bombardiro Crocodilo
47%
Lirili Larila
47%
Pippi Poppa Pippo Peppe
47%
Orcalero Orcala
40%
Boneca Ambalabu
33%
Burbaloni Luliloli
33%
La Vacca Saturno Saturnita
33%
Udin Din Din Dun
33%
Balerinna Cappucinna
27%
Bombombini Gusini
27%
Chimpanzini Bananini
27%
Frigo Camelo
27%
Kiki Koka Kiko Keke
27%
Ta Ta Ta Ta Sahur
27%
To To To To To Sahur
27%
Trippi Troppi
27%
Antonio
20%
Ballerino Lololo
20%
Bobritto Bandito
20%
Bulbito Bandito Traktorito
20%
Cacto Hipopotamo
20%
Cappuccino Assassino
20%
Cocofanto Elefanto
20%
Cocossini Mama
20%
Ganganzelli Trulala
20%
Gangster Footera
20%
Gorillo Watermelondrillo
20%
Karkerkurkarkarkarkurkurkur
20%
Ketupat Kepat Prekupat
20%
Matteo
20%
Nuclearo Dinosauro
20%
Sigma Boy
20%
Spijuniro Golubiro
20%
Tic Tac Tok Afammoc
20%
YONI
20%
Alessio
13%
Bananaconda
13%
Cabrospaghetti Mistico
13%
Crocodillo Ananasinno
13%
Ecco Cavallo Virtuoso
13%
Frulli Frulla
13%
Giraffa Celeste
13%
Glorbo Fruttodrillo
13%
Kravelino Cekicino
13%
Orangutini Ananasini
13%
Penguino Cocosino
13%
Prestige Ballerino Lololo
13%
Raccooni Watermelunni
13%
Salamino Pinguino
13%
Ti Ti Ti Sahur
13%
Tortuginni Dragonfruttini
13%
Trulimero Trulicina
13%
Tukanno Bananno
13%
Zibra Zubra Zibralini
13%
Anpali Babel
7%
Bamberclat Crococlat
7%
Cannelloni Dragoni
7%
Chachechichachachachi
7%
Espressona Signora
7%
Gambero Spero
7%
Gingobalo Gingobali
7%
Lerulerulerule
7%
Los Tralaleritos
7%
Nightmare Sahur
7%
Pelicini Pananini
7%
Pot Hotspot
7%
Rang Ring Ring Bus Ireng
7%
Rhino Toasterino
7%
Svinino Bombondino
7%
Tang Tang Kelentang Bayar Hutang Kau Binatang
7%
Tigrrullini Watermellini
7%
Tric Trac Barabum
7%
Trikitrakatelas
7%
Trulibau Trulibanana
7%
Bearini Plammini Guardini
0%
Bisonte Giuppiture Giuppitercito
0%
Bombardiro Cudcudach
0%
Bri Bri Bicus Dicus De Bicus De Dicus
0%
Cacasito Satelito
0%
Capibomba Atomica
0%
Centralucci Nuclearucci
0%
Chicleteira Bicicleteira
0%
Coccodrillo Formaggioso
0%
Dar Dir Durr Dorr Telur Dadar
0%
Elefantino Frigorifero
0%
GRAIPUS MEDUS
0%
Hipopotamino Supermarketino
0%
Il Mastodontico Telepiedone Planetario
0%
Las Vaquitas Saturnitas
0%
La Vacca Black Hole Goat
0%
Leonelli Cactuselli
0%
Los Trippitroppitos
0%
Malamé Amaralé
0%
Piccione Macchina
0%
Shimpanzini Watermelonini Kingini
0%
Tigrulli Grapefrutunni
0%
Tirilikalika Tirilikalako
0%
Tracoducotulu Delapeladustuz
0%
Trenostruzzo Turbo 3000
0%
Trenostruzzo Turbo 4000
0%
Trillalero Tralalima
0%
Trippi Troppi Troppa Trippa
0%
No matching quizzes found
Score Distribution
Percent of People with Each Score
Percentile by Number Answered
Your Score History
You have not taken this quiz